000 00721nam a2200229 i 4500
001 bg
245 0 0 _aRocznik statystyczny Gdańska 2003 =
_bStatistical yearbook of Gdańsk City /
_c[zespół red. Janusz Łyskawa et al.] ; Urząd Statystyczny w Gdańsku.
260 _aGdańsk :
_bUrząd Statystyczny,
_c2003.
300 _a314 s. ;
_bgł. tab. ;
_c24 cm.
546 _aTekst równol. pol. i ang.
651 9 _aGdańsk
_ystan na 2002 r.
_vstatystyka.
700 1 _aŁyskawa, Janusz.
_eRed.
020 _a8389047160
040 _cBPK
041 0 _apol
_aeng
044 _aPOL
080 _a311.3(438)
080 _a(083.41)
920 _a83-89047-16-0
942 _cKS
008 130116s2003 pl a f |000 0 pol
999 _c53901
_d53901
856 _uhttp://koha.tu.koszalin.pl/cgi-bin/koha/opac-detail.pl?biblionumber=53901
_yKatalog online BPK